000 00571nam a2200205Ia 4500
005 20250508154916.0
008 008 250505s9999 xx 000 0 eng d
037 _aTextual
040 _aFEDL
_beng
_cFEDL
041 _aeng
_2eng
084 _a150, COM
_qFEDL
100 _aCombs Arthur W
_921920
245 0 _aIndividual behavior: A perceptual approach to behavior
260 _aNew York, USA
_bHarper and Brothers
_c1959
300 _a522p.
365 _aINR
_b31.5
650 _aPsychology
942 _cTEXL
_h150, COM
999 _c1352756
_d1352756